Круги алмазные кольцевые формы 2А2 и плоские формы 6А2Т. Технические условия; ГОСТ 17006-80 Круги алмазные кольцевые формы 2А2. Технические условия; ГОСТ 17007-80 Круги алмазные плоские формы 6А2Т. Технические условия

Bibliographische Detailangaben
Körperschaft: СССР Государственный комитет по стандартам (Госстандарт)
Sprache:Russisch
Veröffentlicht: Москва, Изд-во стандартов, 1981
Ausgabe:Изд. офиц.
TOC:ГОСТ 17006-80 Круги алмазные кольцевые формы 2А2. Технические условия;
ГОСТ 17007-80 Круги алмазные плоские формы 6А2Т. Технические условия;
Schriftenreihe:Государственные стандарты
Schlagworte:
Format: MixedMaterials Buch
KOHA link:https://koha.lib.tpu.ru/cgi-bin/koha/opac-detail.pl?biblionumber=155074

MARC

LEADER 00000nam0a2200000 4500
001 155074
005 20231031152210.0
035 |a (RuTPU)RU\TPU\book\168208 
035 |a RU\TPU\book\168067 
090 |a 155074 
100 |a 20090311d1981 km y0rusy50 ca 
101 0 |a rus 
102 |a RU 
105 |a a l 000zy 
200 1 |a Круги алмазные кольцевые формы 2А2 и плоские формы 6А2Т. Технические условия 
205 |a Изд. офиц. 
210 |a Москва  |c Изд-во стандартов  |d 1981 
215 |a 15 с.  |c ил. 
225 1 |a Государственные стандарты 
464 |t ГОСТ 17006-80 Круги алмазные кольцевые формы 2А2. Технические условия 
464 |t ГОСТ 17007-80 Круги алмазные плоские формы 6А2Т. Технические условия 
610 1 |a стандарты 
610 1 |a ГОСТы 
610 1 |a алмазные круги 
610 1 |a плоские формы 
610 1 |a технические условия 
610 1 |a размеры 
712 0 1 |a СССР  |b Государственный комитет по стандартам (Госстандарт)  |c (1978-1989)  |2 stltpush  |3 (RuTPU)RU\TPU\col\12454 
801 2 |a RU  |b 63413507  |c 20221208  |g PSBO 
942 |c BK